Gaming Quiz

Random Gaming or NBA Quiz

NBA 2K18 Ratings Quiz Stats

 Plays Quiz not verified by Sporcle

Support Sporcle.
Go Orange.
Score 0/20 Timer 05:00
0 Plays Today
Rating Player % Correct
97Lebron James
99.8%
94Stephen Curry
97%
96Kevin Durant
96.9%
95James Harden
91.6%
94Russell Westbrook
90.3%
90Kyrie Irving
87.7%
95Kawhi Leonard
86.7%
94Anthony Davis
84.3%
90Klay Thompson
83.1%
91Chris Paul
78.1%
Rating Player % Correct
91Paul George
77.9%
92Demarcus Cousins
74.4%
91Giannis Antetokounmpo
73.5%
89Damian Lillard
70.9%
91Karl-Anthony Towns
66.9%
89Demar DeRozan
65.4%
90John Wall
63.8%
90Jimmy Butler
62.6%
89Isaiah Thomas
51.9%
89Marc Gasol
40.2%

You're not logged in!

Compare scores with friends on all Sporcle quizzes.
OR
Log In

From the Vault

5 to 1: North American Countries

by mg10

Oh deer, time for a country countdown.
Remove Ads.
Support Sporcle.
Get the best of Sporcle when you Go Orange. This ad-free experience offers more features, more stats, and more fun while also helping to support Sporcle. Thank you for becoming a member.

Show Comments

Extras

Top Quizzes Today


Score Distribution

Your Account Isn't Verified!

In order to create a playlist on Sporcle, you need to verify the email address you used during registration. Go to your Sporcle Settings to finish the process.

Report this User

Report this user for behavior that violates our Community Guidelines.

Details: